000 00792nam a2200229 a 4500
001 000018846
005 20260116105540.0
008 100519s1994 ag 000 f spa d
020 _a9501514005
040 _aDO-SdBNP
_bspa
_cBNPHU
041 1 7 _aspa
_heng
_2Código de idioma MARC
082 _a158.1
_bN894p
100 1 _aNorwood, Robin,
_940605
240 1 0 _aWhy me, why this, why now.
_lEspañol.
245 1 0 _aPor qué a mí, por qué esto, por qué ahora /
_cRobin Norwood ; traducción de Edith Zilli.
260 _aBuenos Aires :
_bJavier Vergara,
_c1994.
300 _a209p. ;
_c22 cm.
534 _pTítulo original en inglés:
_tWhy me, why this, why now.
_cCarol Southern Books.
650 0 _aPsicología aplicada
_91579
700 1 _aZilli, Edith,
_etr.
_93228
049 _aBNGR
999 _c18366
_d18366